Statistics for Mario Characters by Picture

Click here to take the quiz!

General Stats

  • This quiz has been taken 127 times
  • The average score is 25 of 64

Answer Stats

Answer% Correct
Mario
99%
Luigi
96%
Bowser Jr
72%
Diddy Kong
72%
King Boo
69%
Daisy
67%
Dry Bones
67%
Peach
65%
Bowser
64%
Koopa Troopa
63%
Toad
61%
Wario
59%
Blooper
53%
Donkey Kong
53%
Morton
53%
Waluigi
53%
Bullet Bill
52%
Toadette
52%
Chain Chomp
51%
Goomba
51%
Shy Guy
49%
Kamek (Magikoopa)
47%
Wendy
47%
Boo
37%
Hammer Bro
37%
King K. Rool
37%
Cheep Cheep
36%
Iggy
36%
Luma
36%
Petey Piranha
36%
Bob-Omb
35%
Cranky Kong
35%
Donkey Kong Jr
35%
Dry Bowser
35%
Funky Kong
35%
Larry
35%
Lemmy
35%
Roy
35%
Rosalina
33%
Pauline
32%
Pokey
32%
Captain Toad
31%
Wiggler
31%
Piranha Plant
29%
Ludwig
27%
Spike
27%
E. Gadd
25%
Pom Pom
25%
Cappy
24%
Boom Boom
23%
Plessie
23%
King Bob-Omb
21%
Dixie Kong
20%
Monty Mole
20%
Poochy
20%
Bully
17%
Thwomp
17%
F.L.U.D.D.
13%
Womp
13%
Goombrat
11%
Pianta
11%
Galoomba
9%
Dorrie
7%
Porcupuffer
3%

Score Distribution

Percentile by Number Answered

Percent of People with Each Score

Your Score History

You have not taken this quiz